Building skills for the TOEFL test (Tapescript and key)
সংরক্ষণ করুন:
| প্রধান লেখক: | |
|---|---|
| বিন্যাস: | গ্রন্থ |
| ভাষা: | Undetermined |
| প্রকাশিত: |
Essex, England
Longman
1997
|
| বিষয়গুলি: | |
| ট্যাগগুলো: |
ট্যাগ যুক্ত করুন
কোনো ট্যাগ নেই, প্রথমজন হিসাবে ট্যাগ করুন!
|
| Thư viện lưu trữ: | Trung tâm Học liệu Trường Đại học Cần Thơ |
|---|
| LEADER | 00664nam a2200193Ia 4500 | ||
|---|---|---|---|
| 001 | CTU_35552 | ||
| 008 | 210402s9999 xx 000 0 und d | ||
| 020 | |c 30000 | ||
| 082 | |a 428.0076 | ||
| 082 | |b K52 | ||
| 100 | |a King, Carol | ||
| 245 | 0 | |a Building skills for the TOEFL test (Tapescript and key) | |
| 245 | 0 | |c Carol King, Nancy Stanley | |
| 260 | |a Essex, England | ||
| 260 | |b Longman | ||
| 260 | |c 1997 | ||
| 650 | |a english language - examinations - study guides,english language - textbooks for foreign speakers,test of english as a foreign language - study guides | ||
| 904 | |i Minh, 000306 | ||
| 980 | |a Trung tâm Học liệu Trường Đại học Cần Thơ | ||